Mario & Luigi Bosses - Statistics

General Stats
  • This quiz has been taken 363 times
  • The average score is 16 of 84
Answer Stats
Game Boss % Correct
All 4 Games Bowser
93%
Superstar Saga Fawful
54%
Superstar Saga Cacklett
45%
Bowser's Inside Story Dark Bowser
38%
All 4 Games Except Partners in Time Wiggler
38%
Dream Team Antasma
34%
Superstar Saga Bowletta
33%
Bowser's Inside Story Dark Star
32%
Bowser's Inside Story Midbus
31%
Superstar Saga/Dream Team Popple
31%
Partners in Time Princess Shroob
31%
Partners in Time Elder Princess Shroob
27%
Partners in Time Petey Piranha
27%
Superstar Saga Rookie
27%
Partners in Time Baby Bowser
26%
Bowser's Inside Story Dark Fawful
26%
Partners in Time/Dream Team Kamek
26%
Superstar Saga Lemmy Koopa
25%
Superstar Saga Queen Bean
25%
Superstar Saga Roy Koopa
25%
Superstar Saga Iggy Koopa
24%
Superstar Saga Ludwig von Koopa
24%
Partners in Time/Bowser's Inside Story Shroobs
24%
Superstar Saga Wendy O. Koopa
24%
Dream Team Dreamy Bowser
23%
Superstar Saga Larry Koopa
23%
Superstar Saga Birdo
22%
Bowser's Inside Story Bowser's Castle
22%
Superstar Saga Morton Koopa Jr.
21%
Bowser's Inside Story Blizzard Midbus
18%
Superstar Saga Tolstar
18%
Superstar Saga Cackletta's Soul
16%
Partners in Time Elder Shrooboid
16%
Bowser's Inside Story Fawful Express
16%
Superstar Saga Hoohooros
16%
Partners in Time Shrooboid Brat
16%
Partners in Time Shrowser
16%
Partners in Time Sunnycide
16%
Dream Team Big Massif
15%
Bowser's Inside Story Dark Star Core
15%
Superstar Saga Dragohoho
15%
Bowser's Inside Story Durmite
15%
Partners in Time Junior Shrooboid
15%
Bowser's Inside Story Junker
15%
Partners in Time Swiggler
15%
Bowser's Inside Story Wisdurm
15%
Dream Team Zeekeeper
15%
Bowser's Inside Story Broggy
14%
Superstar Saga Mom Piranha
14%
Bowser's Inside Story Broque Monsieur
13%
Superstar Saga Chuckolator
13%
Dream Team Grobot
13%
Superstar Saga Hermie III
13%
Superstar Saga Jojora
13%
Partners in Time Mrs. Thwomp
13%
Bowser's Inside Story Alpha Kretin
12%
Partners in Time Commander Shroob
12%
Dream Team Dreamy Mario
12%
Dream Team Earthwake
12%
Dream Team Giant Bowser
12%
Dream Team Mammoshka
12%
Dream Team Mount Pajamaja
12%
Superstar Saga Piranha Bean
12%
Dream Team Torkscrew
12%
Bowser's Inside Story Tower of Yikk
12%
Bowser's Inside Story Chakron
11%
Dream Team Beef Cloud
10%
Bowser's Inside Story Bowser Memory ML
10%
Dream Team Heavy Zest
10%
Bowser's Inside Story Scutlet
10%
Dream Team Sorrow Fist
10%
Bowser's Inside Story Super Peach's Castle
10%
Dream Team Smoldergeist
9%
Bowser's Inside Story Stone Blooper
9%
Dream Team Thunder Sass
9%
Dream Team Corporal Paraplonk
8%
Dream Team Private Goomp
8%
Dream Team Robo-Drilldigger
8%
Dream Team Sergeant Guy
8%
Dream Team Pi'illodium
7%
Partners in Time Shroob-omb
7%
Partners in Time Support Shroob
6%
Partners in Time L33t Hamm3r Broz.
5%
Dream Team Fly Guy R Thieves
4%
No matching quizzes found
Score Distribution
Percent of People with Each Score
Percentile by Number Answered
Your Score History
You have not taken this quiz